<?xml version="1.0" encoding="UTF-8"?>
<record
    xmlns:xsi="http://www.w3.org/2001/XMLSchema-instance"
    xsi:schemaLocation="http://www.loc.gov/MARC21/slim http://www.loc.gov/standards/marcxml/schema/MARC21slim.xsd"
    xmlns="http://www.loc.gov/MARC21/slim">

  <leader>01140nam a22002417a 4500</leader>
  <controlfield tag="003">NALT</controlfield>
  <controlfield tag="005">20211123103512.0</controlfield>
  <controlfield tag="008">      s2541    th                  tha d</controlfield>
  <datafield tag="020" ind1=" " ind2=" ">
    <subfield code="a">9743113592</subfield>
  </datafield>
  <datafield tag="040" ind1=" " ind2=" ">
    <subfield code="a">NALT</subfield>
  </datafield>
  <datafield tag="041" ind1=" " ind2=" ">
    <subfield code="a">tha</subfield>
  </datafield>
  <datafield tag="090" ind1=" " ind2=" ">
    <subfield code="a">&#xE27; HQ1236.5 &#xE02;275&#xE21; 2541</subfield>
  </datafield>
  <datafield tag="100" ind1="0" ind2=" ">
    <subfield code="a">&#xE02;&#xE27;&#xE31;&#xE0D;&#xE24;&#xE17;&#xE31;&#xE22; &#xE08;&#xE48;&#xE32;&#xE07;&#xE08;&#xE33;&#xE23;&#xE31;&#xE2A;</subfield>
  </datafield>
  <datafield tag="245" ind1="1" ind2="0">
    <subfield code="a">&#xE21;&#xE2D;&#xE07;&#xE1A;&#xE17;&#xE1A;&#xE32;&#xE17;&#xE1C;&#xE39;&#xE49;&#xE2B;&#xE0D;&#xE34;&#xE07;&#xE44;&#xE17;&#xE22;&#xE1A;&#xE19;&#xE40;&#xE2A;&#xE49;&#xE19;&#xE17;&#xE32;&#xE07;&#xE01;&#xE32;&#xE23;&#xE40;&#xE21;&#xE37;&#xE2D;&#xE07;&#xE1C;&#xE48;&#xE32;&#xE19;&#xE2A;&#xE32;&#xE22;&#xE15;&#xE32;&#xE1C;&#xE39;&#xE49;&#xE19;&#xE33;&#xE2D;&#xE07;&#xE04;&#xE4C;&#xE01;&#xE23;&#xE1E;&#xE31;&#xE12;&#xE19;&#xE32;&#xE2A;&#xE15;&#xE23;&#xE35; /</subfield>
    <subfield code="c">&#xE02;&#xE27;&#xE31;&#xE0D;&#xE24;&#xE17;&#xE31;&#xE22; &#xE08;&#xE48;&#xE32;&#xE07;&#xE08;&#xE33;&#xE23;&#xE31;&#xE2A;</subfield>
  </datafield>
  <datafield tag="260" ind1="3" ind2=" ">
    <subfield code="a">&#xE01;&#xE23;&#xE38;&#xE07;&#xE40;&#xE17;&#xE1E;&#xE2F; : </subfield>
    <subfield code="b">&#xE21;&#xE2B;&#xE32;&#xE27;&#xE34;&#xE17;&#xE22;&#xE32;&#xE25;&#xE31;&#xE22;&#xE23;&#xE32;&#xE21;&#xE04;&#xE33;&#xE41;&#xE2B;&#xE07;, </subfield>
    <subfield code="c">2541</subfield>
  </datafield>
  <datafield tag="300" ind1=" " ind2=" ">
    <subfield code="a">122 &#xE2B;&#xE19;&#xE49;&#xE32; ;</subfield>
    <subfield code="b"> 30 &#xE0B;&#xE21;.</subfield>
  </datafield>
  <datafield tag="650" ind1="0" ind2="4">
    <subfield code="a">&#xE19;&#xE31;&#xE01;&#xE01;&#xE32;&#xE23;&#xE40;&#xE21;&#xE37;&#xE2D;&#xE07;&#xE2A;&#xE15;&#xE23;&#xE35; -- &#xE44;&#xE17;&#xE22; -- &#xE27;&#xE34;&#xE08;&#xE31;&#xE22;</subfield>
  </datafield>
  <datafield tag="650" ind1="0" ind2="4">
    <subfield code="a">&#xE2A;&#xE15;&#xE23;&#xE35; -- &#xE01;&#xE34;&#xE08;&#xE01;&#xE23;&#xE23;&#xE21;&#xE17;&#xE32;&#xE07;&#xE01;&#xE32;&#xE23;&#xE40;&#xE21;&#xE37;&#xE2D;&#xE07; -- &#xE27;&#xE34;&#xE08;&#xE31;&#xE22;</subfield>
  </datafield>
  <datafield tag="650" ind1="0" ind2="4">
    <subfield code="a">&#xE2A;&#xE15;&#xE23;&#xE35;&#xE01;&#xE31;&#xE1A;&#xE01;&#xE32;&#xE23;&#xE40;&#xE21;&#xE37;&#xE2D;&#xE07; -- &#xE44;&#xE17;&#xE22; -- &#xE27;&#xE34;&#xE08;&#xE31;&#xE22;</subfield>
  </datafield>
  <datafield tag="850" ind1=" " ind2=" ">
    <subfield code="a">NALT</subfield>
  </datafield>
  <datafield tag="942" ind1=" " ind2=" ">
    <subfield code="c">RSH</subfield>
    <subfield code="2">lcc</subfield>
  </datafield>
  <datafield tag="998" ind1=" " ind2=" ">
    <subfield code="b">BENJALUCK SUTTHIWILAI</subfield>
    <subfield code="j">109</subfield>
    <subfield code="k"> &#xE2D;&#xE32;&#xE23;&#xE35;&#xE23;&#xE31;&#xE15;&#xE19;&#xE4C; &#xE27;&#xE34;&#xE0A;&#xE32;&#xE0A;&#xE48;&#xE32;&#xE07;</subfield>
  </datafield>
  <datafield tag="999" ind1=" " ind2=" ">
    <subfield code="c">32016</subfield>
    <subfield code="d">32016</subfield>
  </datafield>
  <datafield tag="952" ind1=" " ind2=" ">
    <subfield code="0">0</subfield>
    <subfield code="1">0</subfield>
    <subfield code="4">0</subfield>
    <subfield code="7">0</subfield>
    <subfield code="8">CRSH</subfield>
    <subfield code="a">NALT</subfield>
    <subfield code="b">NALT</subfield>
    <subfield code="l">1</subfield>
    <subfield code="o">&#xE27; HQ1236.5 &#xE02;275&#xE21; 2541</subfield>
    <subfield code="p">3961149568</subfield>
    <subfield code="r">2018-02-06 00:00:00</subfield>
    <subfield code="s">2018-02-02</subfield>
    <subfield code="w">2017-06-09</subfield>
    <subfield code="y">RSH</subfield>
  </datafield>
</record>
